Autocad electrical 2021 (Record no. 27500)

MARC details
000 -LEADER
fixed length control field 00455nam a2200193Ia 4500
020 ## - INTERNATIONAL STANDARD BOOK NUMBER
ISBN 9781640570979
050 ## - CALL MARK
Classification number T 385 .T53/
100 ## - STATEMENT OF RESPONSIBILITY--MAIN AUTHOR NAME
Personal name Tickoo, Sham
245 #0 - TITLE STATEMENT
Title Autocad electrical 2021
250 ## - EDITION / VOLUME STATEMENT
Edition / Volume statement 12th ed.
260 ## - PUBLICATION, DISTRIBUTION, ETC. (IMPRINT)
Place of publication CADCIM technologies
260 ## - PUBLICATION, DISTRIBUTION, ETC. (IMPRINT)
Name of publisher cadcim
260 ## - PUBLICATION, DISTRIBUTION, ETC. (IMPRINT)
Year of publication 2021
300 ## - PHYSICAL DESCRIPTION
Number of Pages 701 p
650 ## - SUBJECT ADDED ENTRY--TOPICAL TERM
Topical Term Autocad Electrical 2021
942 ## - ADDED ENTRY ELEMENTS (KOHA)
Koha item type Books
Holdings
Withdrawn status Lost status Source of classification or shelving scheme Damaged status Not for loan Permanent Location Current Location Date acquired Accession Number Price effective from Koha item type
    Library of Congress Classification     NILE UNIVERSITY OF NIGERIA - MAIN LIBRARY NILE UNIVERSITY OF NIGERIA - MAIN LIBRARY 04/23/2025 0195379 04/23/2025 Books